000 01163cam a2200325 i 4500
001 60785
003 Mx-PuUPA
005 20230822132837.0
008 140415s1980 nyuo gr 000 0 eng d
020 _a081091753X
040 _aMx-PuUPA
_bspa
_cMx-PuUPA
_dMx-PuUPA
_erda
041 0 _aeng
100 1 _aCharleston, R. J.,
_q(Robert Jesse),
_d1916-1994
_914603
245 1 0 _aMasterpieces of glass :
_ba world history from the corning museum of glass /
_cRobert J. Charleston ; project editor, Robert Morton ; editor, Joan E. Fisher
264 _aNew York :
_bHarry N. Abrams,
_c©1980
300 _a239 páginas :
_bfotografías ;
_c30 cm
336 _2rdacontent
_atexto
_btxt
337 _2rdamedia
_asin medio
_bn
338 _2rdacarrier
_avolumen
_bnc
490 0 _aCorning Museum of Glass monographs
610 4 _aCorning N. Y.
_xMuseo de vidrio
650 7 _2armarc
_aCristalería
_xHistoria
650 7 _2armarc
_aArte en vidrio
_xHistoria
700 1 _aMorton, Robert,
_eeditor
700 1 _aFisher, Joan E.,
_eeditor
942 _2ddc
_cLI
_h748.29
_iC426
999 _c60785
_d60785